A guide to the birds of Colombia (Registro nro. 278)
[ vista simple ]
| 000 -CABECERA | |
|---|---|
| Campo de control | 01740cam a2200349 i 4500 |
| 005 - FECHA Y HORA DE LA ULTIMA TRANSACCION | |
| Campo de control | 20160105035108.0 |
| 008 - ELEMENTOS DE LONGITUD FIJA—INFORMACION GENERAL | |
| Campo de control | 961108t 1986njuabfogrb 001 0 eng d |
| 015 ## - NATIONAL BIBLIOGRAPHY NUMBER | |
| National bibliography number | NNS |
| 020 ## - ISBN | |
| ISBN | 9780691083728 |
| 020 ## - ISBN | |
| ISBN | 069108372X |
| 040 ## - FUENTE DE CATALOGACIÓN | |
| Agencia catalogadora original | CO-BoPUJ |
| Agencia Modificadora | CO-BoIAVH |
| Agencia transcriptora | CO-BoIAVH |
| 041 ## - IDIOMA | |
| Código de idioma para texto/pista de sonido o título separado | Inglés |
| 043 ## - GEOGRAPHIC AREA CODE | |
| Geographic area code | s-ck--- |
| 082 04 - NUMERO DE CLASIFICACION DECIMAL DEWEY | |
| Número de clasificación | 598.1709861 |
| Número del ítem | H65g |
| 100 1# - ASIENTO PRINCIPAL--NOMBRE PERSONAL | |
| Nombre personal | Hilty, Steven L. |
| Fechas asociadas con el nombre | 1945- |
| Término relacionado | autor |
| 9 (RLIN) | 45938 |
| 245 12 - MENCION DE TITULO | |
| Título | A guide to the birds of Colombia |
| Mención de responsabilidad | Steven L. Hilty and William L. Brown ; sixty-nine color and black and white plates by Guy Tudor [y otros cinco] ; line drawings by Michel Kleinbaum [y otro]. Traduccion al español pro Humberto Alvarez- Lopez<br/><br/> |
| 246 30 - FORMA VARIANTE DEL TITULO | |
| Título propiamente dicho/forma breve del título | Birds of Colombia |
| 260 ## - PUBLICACION, DISTRIBUCION, ETC. (PIE DE IMPRENTA) | |
| Lugar de publicación, distribución, etc. | Princeton, N.J. |
| Nombre del editor, distribuidor, etc. | Princeton University Press |
| Fecha de publicación, distribución, etc. | c1986. |
| 300 ## - DESCRIPCION FISICA | |
| Extensión | xii, 836 páginas, 74 páginas de mapas |
| Otros detalles físicos | ilustraciones, fotos y mapas |
| Dimensiones | 23 cm. |
| 504 ## - NOTA DE BIBLIOGRAFIA, ETC. | |
| Nota de bibliografía | Incluye referencias bibliográficas e indices. |
| 505 0# - NOTA DE CONTENIDO | |
| Nota de contenido | Map of Colombia showing localities. -- Acknowledgments. -- Plan of the book. -- Topography. -- Climate. -- Vegetation. -- Habitat descriptions. -- Migrants. -- Conservation and national parks. -- Review of colombian ornithology. -- The birds of Colombia. |
| 650 14 - ASIENTO SECUNDARIO DE MATERIA - TERMINO TEMATICO | |
| Término temático o nombre geográfico como elemento de entrada | Aves |
| Subdivisión general | Clasificación |
| Subdivisión de forma | Guía |
| Subdivisión geográfica | Colombia |
| 9 (RLIN) | 45939 |
| 650 24 - ASIENTO SECUNDARIO DE MATERIA - TERMINO TEMATICO | |
| Término temático o nombre geográfico como elemento de entrada | Aves |
| Subdivisión geográfica | Colombia |
| Subdivisión de forma | Guía |
| 9 (RLIN) | 45940 |
| 650 24 - ASIENTO SECUNDARIO DE MATERIA - TERMINO TEMATICO | |
| Término temático o nombre geográfico como elemento de entrada | Aves |
| Subdivisión general | Distribución geográfica |
| Subdivisión de forma | Guía |
| Subdivisión geográfica | Colombia |
| 9 (RLIN) | 45941 |
| 650 26 - ASIENTO SECUNDARIO DE MATERIA - TERMINO TEMATICO | |
| Término temático o nombre geográfico como elemento de entrada | Migración de aves |
| Subdivisión geográfica | Colombia |
| Subdivisión de forma | Guía |
| 9 (RLIN) | 45942 |
| 650 24 - ASIENTO SECUNDARIO DE MATERIA - TERMINO TEMATICO | |
| Término temático o nombre geográfico como elemento de entrada | Ornitología |
| Subdivisión geográfica | Colombia |
| Subdivisión de forma | Guía |
| 9 (RLIN) | 45943 |
| 650 24 - ASIENTO SECUNDARIO DE MATERIA - TERMINO TEMATICO | |
| Término temático o nombre geográfico como elemento de entrada | Aves |
| Subdivisión geográfica | San Andrés y Providencia (Colombia) |
| Subdivisión de forma | Guía |
| 9 (RLIN) | 45944 |
| 700 1# - ASIENTO SECUNDARIO - NOMBRE PERSONAL | |
| Nombre personal | Brown, William Liddle |
| Fechas asociadas con el nombre | 1929- |
| Término de relación | autor |
| 9 (RLIN) | 45945 |
| 700 1# - ASIENTO SECUNDARIO - NOMBRE PERSONAL | |
| Nombre personal | Tudor, Guy |
| Fechas asociadas con el nombre | 1934- |
| Término de relación | ilustrador |
| 9 (RLIN) | 45946 |
| 700 1# - ASIENTO SECUNDARIO - NOMBRE PERSONAL | |
| Nombre personal | Kleinbaum, Michel |
| Término de relación | dibujante |
| 9 (RLIN) | 45947 |
| 942 ## - ELEMENTOS ADICIONALES (KOHA) | |
| Sistema de clasificación | Dewey Decimal Classification |
| Tipo de ítem | Libro |
| Withdrawn status | Lost status | Sistema de Clasificación | Damaged status | No para préstamo | Colección | Ubicación Permanente | Ubicación actual | Fecha de adquisición | Total Checkouts | Número topográfico | Inventario / Código de Barras | Date last seen | Ejemplar | Price effective from | Tipo de material | Inventariado | Fuente de Valor | Valor | Date checked out |
|---|---|---|---|---|---|---|---|---|---|---|---|---|---|---|---|---|---|---|---|
| Dewey Decimal Classification | General | Bogotá | Bogotá | 04/01/2016 | 1 | LB-598.1709861 H65g | 039572 | 05/02/2018 | Ej. 4 | 04/01/2016 | Libro | Inventariado 2017 | Instituto | 39000.00 | 01/02/2018 | ||||
| Local | General | Villa de Leyva | Villa de Leyva | 09/12/2002 | LB-00258 | 004286 | 04/12/2012 | Ej. 3 | 04/12/2012 | Libro |